[Event "POL-ch U18"]
[Site "Sypniewo"]
[Date "2022.03.27"]
[Round "9"]
[White "Zabron, Maksym"]
[Black "Lenart, Jakub"]
[Result "1-0"]
[WhiteElo "1934"]
[BlackElo "1792"]
[PlyCount "45"]
[EventDate "2022.03.19"]
[EventType "swiss"]
[EventRounds "9"]
[EventCountry "POL"]
[SourceTitle "CBM 207 Extra"]
[Source "ChessBase"]
[SourceDate "2022.05.31"]
[SourceVersion "1"]
[SourceVersionDate "2022.05.31"]
[SourceQuality "1"]

1. d4 d5 2. Nf3 Nf6 3. g3 e6 4. Bg2 c5 5. 0-0 Nc6 6. b3 Qb6 7. Bb2 cxd4 8. Nxd4 Bc5 9. Nxc6 bxc6 10. Nc3 Be7 11. e4 Ba6 12. Re1 Bc5 13. Qf3 Be7 14. Na4 Qc7 15. exd5 cxd5 16. c4 Bb7 17. Rac1 Qa5 18. Bxf6 gxf6 19. Qh5 Rd8 20. Rxe6 Bc8 21. Re2 Qc7 22. Rce1 dxc4 23. Bc6+ 1-0

[Event "POL-ch U17 Qual"]
[Site "Jastrzebia Gora"]
[Date "2021.11.17"]
[Round "4"]
[White "Lenart, Jakub"]
[Black "Bekier, Piotr"]
[Result "1-0"]
[WhiteElo "1660"]
[BlackElo "1293"]
[PlyCount "57"]
[EventDate "2021.11.15"]
[EventType "swiss"]
[EventRounds "9"]
[EventCountry "POL"]
[SourceTitle "EXT 2023"]
[Source "ChessBase"]
[SourceDate "2022.10.05"]
[SourceVersion "1"]
[SourceVersionDate "2022.10.05"]
[SourceQuality "1"]

1. d4 d5 2. c4 Nf6 3. cxd5 Nxd5 4. e4 Nf6 5. Nc3 e6 6. Nf3 c5 7. Bg5 h6 8. Bh4 g5 9. Bg3 a6 10. d5 g4 11. Ne5 exd5 12. exd5 Bg7 13. Bd3 0-0 14. 0-0 Nh5 15. Nxg4 Nxg3 16. hxg3 Qg5 17. Ne3 Nd7 18. Nf5 Ne5 19. f4 Bxf5 20. fxg5 Bxd3 21. gxh6 Bxh6 22. Re1 c4 23. Rxe5 Bg7 24. Rg5 f6 25. Rxg7+ Kxg7 26. Qg4+ Bg6 27. Re1 Rf7 28. Qxc4 Rh8 29. d6 1-0

[Event "POL-chT U20 2nd League"]
[Site "Sypniewo"]
[Date "2020.??.??"]
[Round "7.54"]
[White "Lenart, Jakub"]
[Black "Syrkiewicz, Michal"]
[Result "0-1"]
[WhiteElo "1607"]
[BlackElo "2127"]
[PlyCount "58"]
[EventDate "2020.10.23"]
[EventType "team-swiss"]
[EventRounds "9"]
[EventCountry "POL"]
[SourceTitle "CBM 199 Extra"]
[Source "ChessBase"]
[SourceDate "2021.01.31"]
[SourceVersion "1"]
[SourceVersionDate "2021.01.31"]
[SourceQuality "1"]

1. d4 Nf6 2. c4 e6 3. a3 c5 4. d5 exd5 5. cxd5 d6 6. e3 a6 7. a4 g6 8. Nc3 Bf5 9. Bd3 Bxd3 10. Qxd3 Bg7 11. Nf3 b6 12. 0-0 0-0 13. Rb1 Nbd7 14. e4 Qc7 15. b3 Rfc8 16. Qc2 Rab8 17. Ne2 b5 18. Bd2 Re8 19. Ng3 Rbc8 20. Nh4 c4 21. axb5 axb5 22. bxc4 bxc4 23. Rfe1 Nc5 24. Bc3 Ncxe4 25. Bxf6 Nxf6 26. Rxe8+ Rxe8 27. Nf3 Nxd5 28. Kf1 Nf4 29. Ne1 d5 0-1